Дело о расходах на содержание полтавской арестантской роты и о поставке одежды, обуви, материалов и освещения (лечение)

Доступно только в Электронных читальных залах Найти на картеНа карте
RUSMARC
00003737nmc2a22000003x 450
001ad7dc610-0f21-4d18-b1ca-1a18f851eae4
00520200305212110.0
100##$a20180907l18661871k l0rusy0189 ca
1010#$arus
102##$aRU
251##$cДело
300##$aДело
801#0$aRU
$bРГИА
$c20180907
$gRCR
801#1$aRU
$bГлавНИВЦ
$c20180907
$2rusmarc
801#2$aRU
$bПБ им. Б.Н. Ельцина
$c20200305
$gRCR
$2rusmarc
850##$aРГИА
852##$aРГИА
$eФедеральное казенное учреждение "Российский государственный исторический архив" (РГИА)
$j1125
937##$hРГИА
$d12293071
$aASBIBLIO_SCAN
462#0$1001d8f9f7d4-b5a2-42ce-9901-502471366df6
$12001
$aДела Департамента полиции исполнительной МВД за 1866 год
$1251
$cОпись
$1852
$j27
$l1866 г.
461#0$10013e300ed0-cd39-49af-8489-5ba5b90fa401
$12001
$aДепартамент полиции исполнительной МВД
$1251
$cФонд
$1852
$j1286
2001#$aДело о расходах на содержание полтавской арестантской роты и о поставке одежды, обуви, материалов и освещения (лечение)
$j24 февраля 1866 г. - 19 августа 1871 г.
215##$a178 л.
$d36,5х26 см
371##$aДокумент не является опубликованным и широко распространяемым
105##$ay###
1222#$ad
035##$aad7dc610-0f21-4d18-b1ca-1a18f851eae4
856##$uhttp://readingroom.main.prlib.ru/item.aspx?id_node=n143128770&mode=full
Формат отображения